Представление документа в формате MARC21

Поле Инд. ПП Название Значение
Тип записи a
Библиографический уровень m
001 Контрольный номер 95d785da-86b1-42ce-8530-ca78372a2a52
005 Дата корректировки 20140703155806.2
008 Кодируемые данные 070423
020 c Цена, тираж 45.00
040 a Служба первич. каталог. НБ ТвГУ
041 a Код языка текста rus
080 a Индекс УДК 37.014(470)
084 a Индекс другой классификации/Индекс ББК Ч34(2Рос)я54
090 x Авторский знак Р76
a Полочн. индекс Ч34(2Рос)
110 0_ a Организация/ юрисдикция Российский общественный Совет по развитию образования (РОСРО)
245 00 a Заглавие Вестник Российского общественного Совета по развитию образования
n Номер части/ раздела Вып. 15
c Ответственность [гл. ред. Т. Морозова]
260 1_ a Место издания Москва
b Издательство б. и.
c Дата издания 2006
300 a Объем 128 с.
583 a Действие Получение впервые 95 23.04.2007
k Исполнитель действия Дар РОСРО
650 a Основная рубрика Образование
z Географическая подрубрика Российская Федерация
650 a Основная рубрика Инклюзивное образование
650 a Основная рубрика Аномальные дети
x Основная подрубрика Обучение в общеобразовательной школе
653 a Ключевые слова Образование в России
a Ключевые слова Аномальные дети
a Ключевые слова Дети с ограниченными возможностями
a Ключевые слова Инклюзивное образование
700 1_ a Другие авторы Морозова Т.
e Роль лиц гл. ред.
852 t Порядковый номер экземпляра 1
p Инвентарный номер 874365
863 t 00163835
888 a Бесплатные
952 p 95.2007 45.00 1 874365
c Вид литературы К рн
954 a Дата поступления на обработку 20070913
999 a Подразделение 2 ч.з.